Piłkarski Quiz #1 - Prawda lub Fałsz - Statystyki

Ogólne statystyki
  • Ten quiz został rozwiązany 60 razy
  • Średni wynik to 8 z 15
Statystyki odpowiedzi
Zagadnienie Odpowiedź % Poprawnych
Czy Real Madryt ma więcej mistrzostw od Juventusu ? Prawda
88%
Czy Adrien Rabiot grał w AS Monaco ? Fałsz
75%
Czy to prawda, że Zidane grał przeciwko Del Piero ? Prawda
75%
Czy to prawda, że wykonywana przez Kenana Yildiza cieszynka jest cieszynką Del Piero ? Prawda
63%
Czy Thiago Motta stosuje tych taktyk 4-1-4-1 lub 4-3-3 ? Prawda
63%
Czy Hansi Flick jest obecnym trenerem FC Barcelony ? Prawda
63%
Czy Lilian Thuram grał w Juventusie ? Prawda
63%
Czy w 2018 roku Juventus grał z Gdańską Lechią ? Fałsz
50%
Czy to prawda, że Dybala odszedł od Juventusu, bo nie mogli się dogadać w sprawie przedłużenia kontraktu ? Prawda
50%
Czy Liverpool ma 4 Wygrane Ligi Mistrzów ? Fałsz
38%
Czy to prawda że derby d'italia (Juventus vs Inter) zakończył się remisem 3:3 ? Fałsz
38%
Czy Carlos Tevez grał w Boca Juniors po tym jak odszedł od Juventusu ? Prawda
38%
Czy to prawda, że teraz FC Barcelona jest pierwsza w lidze ? Fałsz
25%
Czy Notthingham Forest Wygrał 14.01 Z Liverpoolem ? Fałsz
25%
Czy Carlo Ancelotti zostaje w Realu ? Prawda
25%
Nie znaleziono quizów pasujących do podanych kryteriów
Rozkład punktacji
Procent ludzi z każdym wynikiem
Percentyl według liczby udzielonych odpowiedzi
Twoja historia wyników
Nie rozwiązałeś tego quizu